000 00510cam a2200157 4500500
005 20251012031723.0
041 _afre
042 _adc
100 1 0 _aBruley, Pauline
_eauthor
700 1 0 _a de Vitry, Alexandre
_eauthor
245 0 0 _aPages de début
260 _c2025.
500 _a65
786 0 _nBulletin de l’Amitié Charles Péguy | 185 | 1 | 2025-05-13 | p. I-II | 0180-8567
856 4 1 _uhttps://shs.cairn.info/bulletin-de-l-amitie-charles-peguy-2025-1-page-I?lang=fr&redirect-ssocas=7080
999 _c1546327
_d1546327